000 00440nam a2200181Ia 4500
001 8580
005 20260306160620.0
008 260306t2014||||xx |||||||||||||| ||spa||
041 _aESP
082 _a371.192
_bD235
100 _aDelucía, Karina Andrea
_eAUT
245 0 _aDinámica familiar y rendimiento escolar
260 _c2014
300 _a91 páginas :
_c20 cm.
650 _aGEN
654 _aCED
942 _cLIB
_dJUS
_fJUS
_2ddc
_n
999 _c8580
_d8580